[Event "GER Seniors Derby 03rd"]
[Site "Undeloh"]
[Date "2004.04.16"]
[Round "4"]
[White "Maly, Wolfgang"]
[Black "Hiller, Ulrich"]
[Result "0-1"]
[WhiteElo "1218"]
[BlackElo "1521"]
[PlyCount "34"]
[EventDate "2004.04.15"]
[EventType "swiss"]
[EventRounds "7"]
[EventCountry "GER"]
[SourceTitle "EXT 2006"]
[Source "ChessBase"]
[SourceDate "2005.11.24"]
[SourceVersion "1"]
[SourceVersionDate "2005.11.24"]
[SourceQuality "1"]

1. b4 e5 2. b5 Bc5 3. e3 d5 4. Bb2 Qe7 5. Nf3 Bd6 6. Nc3 Nf6 7. Qe2 c5 8. e4 d4 9. Nd5 Nxd5 10. exd5 e4 11. Ng1 0-0 12. c3 Qe5 13. c4 Bf5 14. g3 Re8 15. f4 exf3 16. Nxf3 Qxe2+ 17. Bxe2 d3 0-1